000 00388nam a2200169Ia 4500
001 12861
003 IN-NITTTR
005 20251114233120.0
008 251113s9999||||xx |||||||||||||| ||eng||
040 _beng
040 _cIN-NITTTR
041 _aeng
082 _a294.5924 S51B
100 _aSri Sankaracharya,
245 4 _aThe Bhagavad Gita /
_cSri Sankaracharya
942 _2ddc
_cBK
999 _c15497
_d15497